00519nam a2200157Ia 4500008004100000020001800041082001600059100001700075245003400092260003600126300001500162600001500177942000700192952014500199999001700344250610s9999 xx 000 0 und d a9780307278081 a821.912 AUD aAuden, W. H. 0aSelected Poems of W. H. Auden aNew York:bVintage Books,c2007 axxx, 344p. aLiterature cGB 00104070aUITUbUITUcGIFd2025-06-10eGifted by Anonymousl0o821.912 AUDpG249r2025-06-10 11:20:38w2025-06-10yGBzGifted by Anonymous c31416d31416